Online katalóg knižníc regiónu Turca

Netrápte sa pre maličkosti, tínedžeri (Record no. 22039)

MARC details
000 -LEADER
fixed length control field 01594nam a2200397 a 4500
001 - CONTROL NUMBER
control field 22039
003 - CONTROL NUMBER IDENTIFIER
control field VRT
005 - DATE AND TIME OF LATEST TRANSACTION
control field 20260318092600.0
008 - FIXED-LENGTH DATA ELEMENTS--GENERAL INFORMATION
fixed length control field 240226s2000 xo r slo
015 ## - NATIONAL BIBLIOGRAPHY NUMBER
National bibliography number SNBA2001/08-02917
020 ## - INTERNATIONAL STANDARD BOOK NUMBER
International Standard Book Number 8089033016
Qualifying information (viaz.)
035 ## - SYSTEM CONTROL NUMBER
System control number SNK000366527
035 ## - SYSTEM CONTROL NUMBER
System control number urn:nbn:sk:snk-amk4yv
035 ## - SYSTEM CONTROL NUMBER
System control number urn:nbn:sk:snk-am004wst
035 ## - SYSTEM CONTROL NUMBER
System control number 66771FDD-85DF-484E-B1BA-6F13D96A14F8
039 #9 - LEVEL OF BIBLIOGRAPHIC CONTROL AND CODING DETAIL [OBSOLETE]
Level of rules in bibliographic description 202402261436
Level of effort used to assign nonsubject heading access points VLOAD
Level of effort used to assign subject headings 202202271353
Level of effort used to assign classification AUTHORITY
Level of effort used to assign subject headings 202202271150
Level of effort used to assign classification csnk01
Level of effort used to assign subject headings 201905311155
Level of effort used to assign classification AUTHORITY
040 ## - CATALOGING SOURCE
Original cataloging agency SNK
Language of cataloging slo
Transcribing agency SNK
Description conventions AACR2
041 0# - LANGUAGE CODE
Language code of text/sound track or separate title slo
044 ## - COUNTRY OF PUBLISHING/PRODUCING ENTITY CODE
MARC country code xo
ISO country code SK
080 ## - UNIVERSAL DECIMAL CLASSIFICATION NUMBER
Universal Decimal Classification number 159.913(035)
Edition identifier 1981
100 1# - MAIN ENTRY--PERSONAL NAME
Personal name Carlson, Richard,
Dates associated with a name 1961-2006
Relationship aut
240 10 - UNIFORM TITLE
Uniform title Don't sweat the small stuff for teens
Language of a work Slovensky
245 10 - TITLE STATEMENT
Title Netrápte sa pre maličkosti, tínedžeri
Remainder of title jednoduché rady ako si zachovať chladnú hlavu aj v zložitých situáciách
Statement of responsibility, etc. Richard Carlson ; [z anglického originálu preložila Miriam Ghaniová]
260 ## - PUBLICATION, DISTRIBUTION, ETC.
Place of publication, distribution, etc. Bratislava
Name of publisher, distributor, etc. Sofa
Date of publication, distribution, etc. c2000
300 ## - PHYSICAL DESCRIPTION
Extent 270 s.
Dimensions 21 cm
500 ## - GENERAL NOTE
General note Údaj o prekl. prevzatý z rubu tit. strany
650 07 - SUBJECT ADDED ENTRY--TOPICAL TERM
Topical term or geographic name entry element pozitívne myslenie
Source of heading or term SNKPH
650 07 - SUBJECT ADDED ENTRY--TOPICAL TERM
Topical term or geographic name entry element mládež
Source of heading or term SNKPH
655 #7 - INDEX TERM--GENRE/FORM
Genre/form data or focus term príručky
Source of term SNKPH
700 1# - ADDED ENTRY--PERSONAL NAME
Personal name Ghaniová, Miriam
Relationship trl
942 ## - ADDED ENTRY ELEMENTS (KOHA)
Source of classification or shelving scheme Dewey Decimal Classification
Koha item type Krásna literatúra pre dospelých
Suppress in OPAC No
949 ## - LOCAL PROCESSING INFORMATION (OCLC)
6 17A0298234
9 P60, <03>, [BOOK], {603}
a snkSC 104719
b snkKSP 5630/2001
s 6100:20140925
949 ## - LOCAL PROCESSING INFORMATION (OCLC)
6 17A0510675
9 snkCAR 159.922.7
a snkSC 104719 D2
b snk2007/16529
o f.č.:070678
949 ## - LOCAL PROCESSING INFORMATION (OCLC)
6 17A0298235
9 P60, <04>, [BOOK], {604}
a snkSC 104719 D1
b snkKSP 5631/2001
Holdings
Stav vyradenia Strata Poškodenie Spôsob nadobudnutia Domovská knižnica Aktuálna knižnica Dátum nadobudnutia Total checkouts Čiarový kód exemplára Date last seen Typ exemplára
      Dar Obecná knižnica Turčianska Štiavnička Obecná knižnica Turčianska Štiavnička 18.03.2026   4738000529 18.03.2026 Krásna literatúra pre dospelých
Projekt je podporený Slovenskou asociáciou knižníc
Prevádzkuje Turčianska knižnica Martin 2026